logo

Bir Sreshtho Munshi Abdur Rouf Library
Jhenaidah Cadet College

ছোটদের বাংলাপিডিয়া : (Record no. 9468)

MARC details
000 -LEADER
fixed length control field 00868nam a2200229 a 4500
001 - CONTROL NUMBER
JCCL Control Number 9468
003 - CONTROL NUMBER IDENTIFIER
JCCL marc code BD-JhCC
005 - DATE AND TIME OF LATEST TRANSACTION
control field 20210329134019.0
008 - FIXED-LENGTH DATA ELEMENTS--GENERAL INFORMATION
fixed length control field 180314s2011 bg a|||| |||| 001 0 ben d
020 ## - INTERNATIONAL STANDARD BOOK NUMBER
International Standard Book Number 9789813327918
035 ## - SYSTEM CONTROL NUMBER
system control number (BD-JhCC)9468
040 ## - CATALOGING SOURCE
Original cataloging agency BD-JhCC
Modifying agency BD-JhCC
041 ## - LANGUAGE CODE
Language code of Book Bengail
082 ## - DEWEY DECIMAL CLASSIFICATION NUMBER
Classification number 954.92
Author mark and Year CHO 2011
245 ## - TITLE STATEMENT
Title ছোটদের বাংলাপিডিয়া :
Remainder of title বাংলাদেশ ও বিশ্ব /
Statement of responsibility, etc সম্পাদনায় আহমেদ আবদুল্লাহ জামাল
260 ## - PUBLICATION, DISTRIBUTION, ETC. (IMPRINT)
Place of publication, distribution, etc ঢাকা :
Name of publisher, distributor, etc বাংলাদেশ এশিয়াটিক সোসাইটি,
Date of publication, distribution, etc ২০১১.
300 ## - PHYSICAL DESCRIPTION
Pagination 417 p. :
Other physical details ill. ;
Dimensions 25 cm.
504 ## - BIBLIOGRAPHY, ETC. NOTE
Bibliography, etc Includes Index.
650 ## - SUBJECT ADDED ENTRY--TOPICAL TERM
Topical term or geographic name as entry element Banglapedia
700 ## - ADDED ENTRY--PERSONAL NAME
Personal name জামাল, আহমেদ আবদুল্লাহ
942 ## - ADDED ENTRY ELEMENTS (KOHA)
Source of classification or shelving scheme Dewey Decimal Classification
Koha item type Reference
Koha issues (borrowed), all copies 2
Holdings
Source of classification or shelving scheme volume number Damaged status Not for loan Home library Current library Shelving location Date of accession Cost, normal purchase price Total Checkouts Full call number Barcode Date last seen Copy number Koha item type Date checked out
Dewey Decimal Classification V-1     JCC Rouf Library JCC Rouf Library General Stacks 03/14/2018 1000.00   954.92 CHO 2011 12708 03/14/2018 C-1 Reference  
Dewey Decimal Classification V-1     JCC Rouf Library JCC Rouf Library General Stacks 04/04/2018   1 954.92 CHO 2011 13032 04/03/2022 C-2 Books 03/28/2021
Dewey Decimal Classification V-1     JCC Rouf Library JCC Rouf Library General Stacks 06/10/2019 940.00   954.92 CHO 2019 15219 07/10/2019 C-3 Reference  

JCC Library | Contacts | JCC Home

Last Update on 23 September 2017
Copyright @ 2017-2020 JCC Rouf Library
Rouf Library, Jhenidah Cadet College (JCC), Bangladesh